| 000 | 01471nam a22002897a 4500 | ||
|---|---|---|---|
| 001 | 4046 | ||
| 003 | FISKH | ||
| 005 | 20250821131541.0 | ||
| 008 | 240603b cb ||||| |||| 00| 0 eng d | ||
| 020 | _a9780516248912 | ||
| 040 |
_aFISKH _beng _cFISKH _dFISKH |
||
| 050 | _aCJ1836.P46 | ||
| 082 | _a737.4973 | ||
| 100 |
_aHill, Mary _eauthor |
||
| 245 |
_aPennies / _cby Mary Hill |
||
| 250 | _aFirst Scholastic printing , Febraurary 2005 | ||
| 260 |
_aNew York : _bScholastic ; _c2005 |
||
| 300 |
_a24 pages : _bcolor illustrations ; _c16 cm . |
||
| 490 | _a Welcome Books | ||
| 505 | _aG | ||
| 520 | _aDescribes what pennies are made of, how much they are worth, and what people do with them. The Money Matters emergent reader series introduces children to the basics of money. The spreads link text to images and discuss the meanings of the symbols on each coin and bill, and how people earn, save, and spend money. Includes glossary with pronunciation guide and an index. Also includes To Find Out More section that lists additional reading materials and websites that will encourage readers to learn more about money and beginning finance. This Welcome Book introduces readers to the penny. Learn what pennies are made of, what each symbol on the front and back means, and how many pennies make a dollar. | ||
| 521 | 8 |
_a400
_bLexile |
|
| 521 | 8 |
_aG
_bRaz-Plus |
|
| 650 |
_aMoney _vNon-Fiction |
||
| 942 |
_2ddc _cBK _n0 |
||
| 999 |
_c4046 _d4046 |
||